Zprávy Státní populační komise

Gespeichert in:
Bibliographische Detailangaben
Format: Schriftenreihe
Sprache:Tschechisch
Veröffentlicht: Praha Státní populační komise
Tags: Tag hinzufügen
Keine Tags, Fügen Sie das erste Tag hinzu!

MARC

LEADER 00000nas1a2200000$$$4500
001 0017718
005 20250730114821.6
041 0 |a cze 
044 |a CZ 
245 1 0 |a Zprávy Státní populační komise 
264 1 |a Praha  |b Státní populační komise